|
|
|
|
| LEADER |
01115naa a2200229 i 4500 |
| 001 |
acta84361 |
| 005 |
20240411095851.0 |
| 008 |
240411s2019 hu o 1|| eng d |
| 020 |
|
|
|a 978-963-306-653-9
|
| 040 |
|
|
|a SZTE Egyetemi Kiadványok Repozitórium
|b hun
|
| 041 |
|
|
|a eng
|
| 100 |
1 |
|
|a Lantos Ferenc
|
| 245 |
1 |
0 |
|a Test-growing of several patented fennel (Foeniculum vulgare) varieties in the Southern Great Plain
|h [elektronikus dokumentum] :
|b [abstract] /
|c Lantos Ferenc
|
| 260 |
|
|
|a University of Szeged, Faculty of Agriculture
|b Hódmezővásárhely
|c 2019
|
| 300 |
|
|
|a 48
|
| 490 |
0 |
|
|a Wellmann International Scientific Conference
|v 17
|
| 650 |
|
4 |
|a Mezőgazdaság-tudományok
|
| 650 |
|
4 |
|a Mezőgazdaság, erdészet, halászat
|
| 695 |
|
|
|a Édeskömény termesztése - Dél-Alföld - előadáskivonat, Növénytermesztés - édeskömény - Dél-Alföld - előadáskivonat
|
| 700 |
0 |
1 |
|a Bartók Andrea
|e aut
|
| 711 |
|
|
|a 17th Wellmann International Scientific Conference
|c Hódmezővásárhely
|d 2019. május 8.
|
| 856 |
4 |
0 |
|u http://acta.bibl.u-szeged.hu/84361/1/wellmann_abstracts_2019_048.pdf
|z Dokumentum-elérés
|